1001 días que cambiaron el mundo

Guardat en:
Dades bibliogràfiques
Autor principal: Furtado, Peter (Autor)
Format: Llibre
Idioma:espanyol
Publicat: Barcelona Random House Mondadori 2009
Matèries:
Etiquetes: Afegir etiqueta
Sense etiquetes, Sigues el primer a etiquetar aquest registre!

MARC

LEADER 00000cam a2200000 a 4500
001 UCG7304
003 CL-VaPUC
008 110715e20090000SP |||||||||||||||||spa|d
020 |a 9788425343360 
082 0 4 |a 909  |b FUR  |2 21 
100 0 |a Furtado, Peter  |e author  |9 557995 
245 1 0 |a 1001 días que cambiaron el mundo 
300 |a 960 p 
942 |c BK 
945 |d 20110715 00:00:00  |a dcastane 
260 |a Barcelona  |b Random House Mondadori  |c 2009 
650 0 |a Historia de la humanidad   |9 557996 
650 0 |a Historia universal  |9 266877 
650 0 |a Cronología   |9 268356 
583 |a last modification  |c 20120718 01:14:03  |k Rodrigo Vera 
999 |c 345330  |d 345328 
952 |0 0  |1 0  |4 0  |6 909_000000000000000_FUR_2009  |7 0  |8 X  |9 443939  |a FDOBUD  |b FDOBUD  |d 2019-11-22  |i 478734K  |o 909 FUR 2009  |p 478734K  |r 2019-11-22  |w 2019-11-22  |y BK_X  |k BUD 
952 |0 0  |1 0  |4 0  |6 909_000000000000000_FUR_2009  |7 0  |8 A  |9 443940  |a BIBING  |b BIBING  |d 2019-11-22  |i 4874366  |o 909 FUR 2009  |p 4874366  |r 2025-01-20  |w 2019-11-22  |y BK  |k CUI